000 00614nam a2200193 a 4500
001 000010483
005 20240412074219.0
008 091007s1983 dr r 000 p spa d
040 _aDO-SdBNP
_bspa
_cBNPHU
082 _aRD861.44
_bM516f
100 1 _aMejía Baldera, Freddy Ant.,
_d1942 -
_925484
245 1 3 _aLa flor del dolor /
_cFreddy Ant. Mejía Baldera.
260 _aSanto Domingo :
_bAlfa & Omega,
_c1983.
300 _a156 p. ;
_c21 cm.
590 _aInventariado, 2018/BT
650 0 _aPoesía dominicana
_966
650 0 _aLiteratura dominicana.
_967
910 _aValidado. Control de calidad. MMOLINA
999 _c10242
_d10242